Ngôn ngữ quảng cáo = Advertising language
Sách khảo sát diễn ngôn quảng cáo thương mại trên hai phương tiện truyền thông là báo chí và truyền hình.
Bewaard in:
| Hoofdauteur: | |
|---|---|
| Formaat: | Boek |
| Taal: | Undetermined |
| Gepubliceerd in: |
Hà Nội
Khoa học Xã hội
2011
|
| Onderwerpen: | |
| Tags: |
Voeg label toe
Geen labels, Wees de eerste die dit record labelt!
|
| Thư viện lưu trữ: | Trung tâm Học liệu Trường Đại học Cần Thơ |
|---|
| LEADER | 00747nam a2200217Ia 4500 | ||
|---|---|---|---|
| 001 | CTU_239026 | ||
| 008 | 210402s9999 xx 000 0 und d | ||
| 082 | |a 659.101 | ||
| 082 | |b T502 | ||
| 100 | |a Luu, Trong Tuan | ||
| 245 | 0 | |a Ngôn ngữ quảng cáo = | |
| 245 | 0 | |b Advertising language | |
| 245 | 0 | |c Luu Trong Tuan | |
| 260 | |a Hà Nội | ||
| 260 | |b Khoa học Xã hội | ||
| 260 | |c 2011 | ||
| 520 | |a Sách khảo sát diễn ngôn quảng cáo thương mại trên hai phương tiện truyền thông là báo chí và truyền hình. | ||
| 650 | |a Quảng cáo,Advertising | ||
| 650 | |x Ngôn ngữ,Language | ||
| 910 | |b vtbtruc | ||
| 980 | |a Trung tâm Học liệu Trường Đại học Cần Thơ | ||